000 01262cam a2200265 4500
001 ##L135413
008 061025n2006 000 0 eng u
020 _a9781842193074
035 _a(Sirsi) u135413
041 0 _aeng
050 0 4 _a692.5 $2 18
100 1 _aPotts, Keith
245 0 0 _aProject management and the changing nature of the quantity surveying profession
_bHeathrow Terminal 5 case study
260 _aLondon
_bRICS
_c2006
490 0 _aCOBRA
_v2006
520 _aConsiders BAA plc's progressive style of project management on the Heathrow Terminal 5 project and aims to identify the changing role of the quantity surveyor, highlighting the required competencies, knowledge base, tools and techniques. The Heathrow case study reveals that the quantity surveyor still has a key role in construction cost and commercial management.
590 _aIKA311006 NTK
650 2 4 _aHEATHROW TERMINAL 5
651 4 _aUnited Kingdom
_y
690 _aQuantity surveying
_96263
690 _aProject management
_96261
711 2 _aConstruction and Building Research Conference
_n(11th
_d2006
_cLondon)
856 4 0 _uhttps://www.rics.org/site/scripts/download_info.aspx?downloadID=2767
_zView the paper free of charge at www.rics.org...
942 _n0
999 _c106049
_d106049